Almost periodic solutions of impulsive differential equations (Record no. 18751)
[ view plain ]
| 000 -LEADER | |
|---|---|
| fixed length control field | 00797nam a2200265 a 4500 |
| 001 - CONTROL NUMBER | |
| control field | 156335 |
| 003 - CONTROL NUMBER IDENTIFIER | |
| control field | OSt |
| 005 - DATE AND TIME OF LATEST TRANSACTION | |
| control field | 20211001162357.0 |
| 008 - FIXED-LENGTH DATA ELEMENTS--GENERAL INFORMATION | |
| fixed length control field | 180824 ### HIN |
| 020 ## - INTERNATIONAL STANDARD BOOK NUMBER | |
| International Standard Book Number | 9783642275456 |
| 082 ## - DEWEY DECIMAL CLASSIFICATION NUMBER | |
| Classification number | 518.63 |
| Item number | S23A |
| 100 ## - MAIN ENTRY--PERSONAL NAME | |
| Personal name | Stamov, Gani T. |
| 245 ## - TITLE STATEMENT | |
| Title | Almost periodic solutions of impulsive differential equations |
| Statement of responsibility, etc | by Gani T. Stamov |
| 260 ## - PUBLICATION, DISTRIBUTION, ETC. (IMPRINT) | |
| Place of publication, distribution, etc | Berlin |
| Name of publisher, distributor, etc | Springer-Verlag |
| Date of publication, distribution, etc | 2012 |
| 300 ## - PHYSICAL DESCRIPTION | |
| Extent | xx, 217p. |
| 490 ## - SERIES STATEMENT | |
| Series statement | Lecture notes in mathematics |
| Volume number/sequential designation | 2047 |
| 653 ## - INDEX TERM--UNCONTROLLED | |
| Uncontrolled term | Differential equations--Numerical solutions |
| 653 ## - INDEX TERM--UNCONTROLLED | |
| Uncontrolled term | Lyapunov functions |
| 653 ## - INDEX TERM--UNCONTROLLED | |
| Uncontrolled term | Impulsive differential equations |
| 653 ## - INDEX TERM--UNCONTROLLED | |
| Uncontrolled term | Almost periodic functions |
| 653 ## - INDEX TERM--UNCONTROLLED | |
| Uncontrolled term | Mathematics |
| 653 ## - INDEX TERM--UNCONTROLLED | |
| Uncontrolled term | Differential equations |
| 653 ## - INDEX TERM--UNCONTROLLED | |
| Uncontrolled term | Functional equations |
| 942 ## - ADDED ENTRY ELEMENTS (KOHA) | |
| Source of classification or shelving scheme | Dewey Decimal Classification |
| Koha item type | Books |
| Withdrawn status | Lost status | Source of classification or shelving scheme | Damaged status | Not for loan | Collection code | Home library | Current library | Date acquired | Source of acquisition | Full call number | Barcode | Checked out | Date last seen | Price effective from | Koha item type |
|---|---|---|---|---|---|---|---|---|---|---|---|---|---|---|---|
| Dewey Decimal Classification | General Text Book | Central University Of Rajasthan | Central University Of Rajasthan | 24/08/2018 | MTH(P) | 518.63 S23A | 31240 | 31/12/2018 | 02/09/2020 | 02/09/2020 | Books |
